INFORME FINAL DEL EJERCICIO PROFESIONAL SUPERVISADO, DISEÑO DE CAMINO RURAL CASERIO ESQUIPULAS SEYAXAB Y DISEÑO DE PUENTE VEHICULAR CASERIO YALIJUX, SENAHU, ALTA VERAPAZ./ (Registro nro. 2052)

Detalles MARC
000 -LEADER
campo de control de longitud fija 02731nam a22003377a 4500
001 - NÚMERO DE CONTROL
campo de control TIC 0034
003 - IDENTIFICADOR DE NÚMERO DE CONTROL
campo de control gtcocun
005 - FECHA Y HORA DE LA ÚLTIMA TRANSACCIÓN
campo de control 20250922174532.0
006 - CÓDIGOS DE INFORMACIÓN DE LONGITUD FIJA--CARACTERÍSTICAS DEL MATERIAL ADICIONAL
campo de control de longitud fija a||||gr|||| 00| 0
007 - CAMPO FIJO DE DESCRIPCIÓN FÍSICA--INFORMACIÓN GENERAL
campo de control de longitud fija ta
008 - DATOS DE LONGITUD FIJA--INFORMACIÓN GENERAL
campo de control de longitud fija 250922b2024 gt ||||| m||| 00| 0 eng d
040 ## - FUENTE DE CATALOGACIÓN
Centro catalogador/agencia de origen gtcocun
Lengua de catalogación SPA
Centro/agencia transcriptor gtcocun
Normas de descripción RDA
041 ## - CÓDIGO DE IDIOMA
Código de lengua del texto/banda sonora o título independiente SPA TIC 0034
084 ## - OTRO NÚMERO DE CLASIFICACIÓN
Número de control del registro de autoridad o número normalizado TIC 0034
100 ## - ENTRADA PRINCIPAL--NOMBRE DE PERSONA
Nombre de persona Pacay Cac, William Alexander
Término indicativo de función/relación Autor
245 ## - MENCIÓN DEL TÍTULO
Título INFORME FINAL DEL EJERCICIO PROFESIONAL SUPERVISADO, DISEÑO DE CAMINO RURAL CASERIO ESQUIPULAS SEYAXAB Y DISEÑO DE PUENTE VEHICULAR CASERIO YALIJUX, SENAHU, ALTA VERAPAZ./
Mención de responsabilidad, etc. William Alexander Pacay Cac.
Medio Impreso
264 ## - PRODUCCIÓN, PUBLICACIÓN, DISTRIBUCIÓN, FABRICACIÓN Y COPYRIGHT
Producción, publicación, distribución, fabricación y copyright Cobán, Alta Verapaz:
Nombre del de productor, editor, distribuidor, fabricante Universidad de San Carlos de Guatemala, Centro Universitario del Norte, Ingenieria Civil
Fecha de producción, publicación, distribución, fabricación o copyright 2024
300 ## - DESCRIPCIÓN FÍSICA
Extensión 183 p.:
Otras características físicas Ilustraciones, gráficas.
Dimensiones 28 cm;
300 ## - DESCRIPCIÓN FÍSICA
Dimensiones PDF
336 ## - TIPO DE CONTENIDO
Fuente rdacontenido
Término de tipo de contenido Texto
Código de tipo de contenido txt
337 ## - TIPO DE MEDIO
Fuente rdamedio
Nombre/término del tipo de medio Computadora
Código del tipo de medio n
338 ## - TIPO DE SOPORTE
Fuente rdasoporte
Nombre/término del tipo de soporte Código en línea
Código del tipo de soporte cr
502 ## - NOTA DE TESIS
identificador de la tesis TIC 0034
502 ## - NOTA DE TESIS
Nota de tesis Tesis de grado
Tipo de título Ingeniería Civil,
Nombre de la institución que otorga el título Universidad de San Carlos de Guatemala, Centro Universitario del Norte, Ingeniería Civil
Año de obtención del título 2024
Identificador de la tesis TIC 0034
520 14 - RESUMEN, ETC.
Sumario, etc. El presente informe de EPS, consta de dos proyectos, los cuales fueron asignados por la municipalidad de Senahú, los cuales fueron aprobados por el supervisor encargado de la carrera de Ingeniería.<br/><br/>Para el primer proyecto debió a la necesidad de contar con una vía de acceso, se planifico el diseño de carretera que ayudará en la comunicación esencial para el desarrollo social y económico, el diseño se basó en las especificaciones de la Dirección General de Caminos<br/>de Guatemala, dicha carretera se categorizo de tipo rural, dadas las características topográficas del terreno se contempló cunetas naturales, cunetas revestidas, empedrado, drenajes transversales y empedrado.<br/><br/>Para el segundo proyecto debido a la falta de un puente vehicular seguro donde los peatones y vehículos puedan circular sin ninguna problemática, se planifico el diseño de un puente vehicular, para su adecuada ubicación y economía el diseño se basó en las especificaciones que las normas ASSHTO y el código ACI sugiere.<br/><br/>La realización de estos proyectos beneficiara a la población en el crecimiento económico, social y cultural, reduciendo los escases de infraestructura.
650 14 - PUNTO DE ACCESO ADICIONAL DE MATERIA--TÉRMINO DE MATERIA
Fuente del encabezamiento o término LEMB
Término de materia o nombre geográfico como elemento de entrada Senahú, Alta Verapaz.
Subdivisión general Ingeniería
-- Diseño
-- Planificar
-- Categorizar
-- Beneficiar
-- Infraestructura
700 ## - ENTRADA AGREGADA--NOMBRE PERSONAL
Nombre de persona Inga. Sindry Yaneth Pacay Morales
Término indicativo de función/relación Asesor
856 ## - LOCALIZACIÓN Y ACCESO ELECTRÓNICOS
Identificador Uniforme de Recurso <a href="https://drive.google.com/file/d/1apTjmO6DXlAOKrwcFqp9c1Yltb2hkHsq/view">https://drive.google.com/file/d/1apTjmO6DXlAOKrwcFqp9c1Yltb2hkHsq/view</a>
Texto de enlace PDF
Nota pública Un ejemplar en línea.
942 ## - ELEMENTOS DE ENTRADA SECUNDARIOS (KOHA)
Fuente de la clasificación o esquema de estantería Clasificación Decimal Dewey
Tipo de ítem Koha TESIS
Parte de la signatura que identifica el ejemplar (Parte del ítem) TIC 0034
Prefijo de la signatura Clasificación
Suprimir en OPAC No
-- TIC_0034_000000000000000
Existencias
Estatus retirado Estado de pérdida Fuente de la clasificación o esquema de estantería Estado de daño No para préstamo Colección Biblioteca de origen Biblioteca actual Ubicación en estantería Fecha de adquisición Número de inventario Total de préstamos Signatura topográfica completa Código de barras Visto por última vez Precio de reemplazo Tipo de ítem Koha
    Clasificación Decimal Dewey     tesis BIBLIOTECA- CUNOR -JOSÉ LUIS GONZALES ROSALES BIBLIOTECA- CUNOR -JOSÉ LUIS GONZALES ROSALES Colección tesis 16/09/2025 TIC 0034   TIC 0034 TIC 0034 16/09/2025 16/09/2025 TESIS